| 000 | 00786nam a2200205 a 4500 | ||
|---|---|---|---|
| 001 | BRCA_60 | ||
| 005 | 20190320202852.0 | ||
| 008 | 821216c1982 ---a---###---#000-0#spa-# | ||
| 040 |
_aDLC _cDLC _dDLC |
||
| 050 | 4 |
_aAM5 _b.C93 1982 |
|
| 100 | 1 |
_aCucurullo de Engelmann, Gina M. _9282 |
|
| 245 | 1 | 0 |
_aSobre museos y sus servicios educativos _cGina M. Cucurullo de Engelmann. |
| 260 |
_aSanto Domingo, Rep. Dominicana _bMuseo de Las Casas Reales _c1982 |
||
| 300 |
_a203 p. _bil. blanco y negro _c21 cm. |
||
| 500 | _aIncluye apéndice de directorio de museos de la Ciudad de Santo Domingo, República Dominicana | ||
| 500 | _aIncluye índice de nombres y bibliografía sumaria | ||
| 650 | 1 | 4 |
_aMuseos de arte _xAspectos educativos _9283 |
| 651 | 4 |
_aRepública Dominicana _9284 |
|
| 942 |
_2lcc _cB |
||
| 999 |
_c60 _d60 |
||